[Event "COL-ch"]
[Site "Fusagasuga"]
[Date "2020.12.07"]
[Round "10"]
[White "Becerra, Juan David"]
[Black "Lozano Ramirez, Nestor Favian"]
[Result "1-0"]
[WhiteElo "2351"]
[BlackElo "2234"]
[PlyCount "103"]
[EventDate "2020.12.01"]
[EventType "tourn"]
[EventRounds "11"]
[EventCountry "COL"]
[EventCategory "6"]
[SourceTitle "CBM 199 Extra"]
[Source "ChessBase"]
[SourceDate "2021.01.31"]
[SourceVersion "1"]
[SourceVersionDate "2021.01.31"]
[SourceQuality "1"]

1. e4 g6 2. d4 Bg7 3. Be3 d5 4. exd5 Qxd5 5. Nc3 Qa5 6. Nf3 Nf6 7. Ne5 c6 8. Qd2 0-0 9. Be2 Nbd7 10. Nc4 Qd8 11. Bf3 Nb6 12. Nxb6 axb6 13. h3 Be6 14. 0-0 Nd5 15. Bxd5 Bxd5 16. Bh6 Re8 17. Bxg7 Kxg7 18. Rfe1 Qd6 19. Re5 f6 20. Re3 Bf7 21. a3 e5 22. Rd3 e4 23. Rg3 Rad8 24. Rd1 g5 25. Qe3 Bh5 26. Rd2 Qe6 27. h4 h6 28. hxg5 hxg5 29. d5 cxd5 30. Qd4 Qe5 31. Nb5 Qf4 32. Rc3 Rd7 33. Qe3 Qxe3 34. fxe3 f5 35. Rc7 Ree7 36. Rxd7 Rxd7 37. c4 Bf7 38. Nc3 d4 39. Na4 d3 40. Nxb6 Rc7 41. b3 Rc6 42. Na4 b5 43. Nc3 bxc4 44. b4 Rh6 45. b5 f4 46. Kf2 Be8 47. Rb2 Rh1 48. b6 g4 49. exf4 g3+ 50. Kxg3 e3 51. b7 Bf7 52. Rd2 1-0

[Event "COL-ch"]
[Site "Fusagasuga"]
[Date "2020.12.06"]
[Round "8"]
[White "Lozano Ramirez, Nestor Favian"]
[Black "Barrientos Chavarriaga, Sergio E"]
[Result "0-1"]
[WhiteElo "2234"]
[BlackElo "2463"]
[PlyCount "72"]
[EventDate "2020.12.01"]
[EventType "tourn"]
[EventRounds "11"]
[EventCountry "COL"]
[EventCategory "6"]
[SourceTitle "CBM 199 Extra"]
[Source "ChessBase"]
[SourceDate "2021.01.31"]
[SourceVersion "1"]
[SourceVersionDate "2021.01.31"]
[SourceQuality "1"]

1. g3 e5 2. c4 Nc6 3. Nc3 h5 4. Nf3 Nf6 5. Bg2 d6 6. d3 Be7 7. h3 Bf5 8. e4 Be6 9. Be3 Qd7 10. Nd5 Bd8 11. Rc1 Ng8 12. d4 h4 13. g4 f6 14. b3 Nce7 15. Nc3 Ng6 16. d5 Bf7 17. c5 dxc5 18. Bf1 a6 19. Bxc5 N8e7 20. Be3 c6 21. dxc6 Qxd1+ 22. Kxd1 Nxc6 23. Nd2 Ba5 24. Nc4 0-0-0+ 25. Kc2 Bc7 26. Nb6+ Kb8 27. Kb1 Nf4 28. Ncd5 Bxb6 29. Bxb6 Nxd5 30. Bxd8 Bg6 31. f3 Rxd8 32. Bc4 Nf4 33. Rc3 Nd4 34. Rd1 Nxh3 35. Rh1 Ng5 36. Rxh4 Ndxf3 0-1

[Event "COL-chT 21st"]
[Site "Cartagena"]
[Date "2019.11.30"]
[Round "4.1"]
[White "Vargas Arteaga, Alexis"]
[Black "Lozano Ramirez, Nestor Favian"]
[Result "0-1"]
[WhiteElo "2364"]
[BlackElo "2288"]
[PlyCount "66"]
[EventDate "2019.11.30"]
[EventType "team-swiss"]
[EventRounds "9"]
[EventCountry "COL"]
[SourceTitle "CBM 195 Extra"]
[Source "ChessBase"]
[SourceDate "2020.05.31"]
[SourceVersion "1"]
[SourceVersionDate "2020.05.31"]
[SourceQuality "1"]
[WhiteTeam "Santander"]
[BlackTeam "Cudinamarca"]
[WhiteTeamCountry "COL"]
[BlackTeamCountry "COL"]

1. e4 g6 2. d4 Bg7 3. Nc3 d6 4. f4 a6 5. Nf3 b5 6. e5 Nd7 7. Bd3 c5 8. Be4 Rb8 9. exd6 exd6 10. dxc5 dxc5 11. 0-0 Ne7 12. f5 0-0 13. Bf4 Rb6 14. fxg6 hxg6 15. Rb1 Bb7 16. Bxb7 Rxb7 17. Ne4 c4 18. Kh1 Qb6 19. Nd6 Rc7 20. Ng5 Ne5 21. Bxe5 Bxe5 22. Qe1 f6 23. Qh4 fxg5 24. Rxf8+ Kxf8 25. Rf1+ Kg8 26. Qg4 Qxd6 27. Rd1 Qf6 28. c3 Nf5 29. Qe4 Re7 30. Qa8+ Kg7 31. Rd8 Qf7 32. Rh8 Ng3+ 33. hxg3 Bxg3 0-1

[Event "COL-chT rapid"]
[Site "Cartagena"]
[Date "2019.11.29"]
[Round "4.1"]
[White "Torres, Juan Camilo"]
[Black "Lozano Ramirez, Nestor Favian"]
[Result "1-0"]
[WhiteElo "2320"]
[BlackElo "2312"]
[PlyCount "83"]
[EventDate "2019.11.29"]
[EventType "team-swiss"]
[EventRounds "7"]
[EventCountry "COL"]
[SourceTitle "CBM 193 Extra"]
[Source "ChessBase"]
[SourceDate "2020.01.31"]
[SourceVersion "1"]
[SourceVersionDate "2020.01.31"]
[SourceQuality "1"]
[WhiteTeam "Caldas"]
[BlackTeam "Cundinamarca"]
[WhiteTeamCountry "COL"]
[BlackTeamCountry "COL"]

1. d4 g6 2. Nf3 Bg7 3. c4 c5 4. d5 d6 5. Qc2 Nf6 6. Nc3 0-0 7. e4 e6 8. Bd3 Na6 9. a3 Nc7 10. 0-0 exd5 11. cxd5 Rb8 12. h3 b5 13. Re1 a5 14. Bf1 b4 15. Nb1 Bd7 16. axb4 axb4 17. Nbd2 Bb5 18. Nc4 Bxc4 19. Bxc4 Ra8 20. Bf4 Qd7 21. Rad1 Rfe8 22. e5 Nh5 23. Bh2 b3 24. Qd3 dxe5 25. d6 Ne6 26. Bb5 Qb7 27. Bxe8 Rxe8 28. d7 Rd8 29. Bxe5 Bxe5 30. Nxe5 Nd4 31. Qe4 Qxe4 32. Rxe4 f6 33. Nf3 Rxd7 34. Nxd4 cxd4 35. Rexd4 Re7 36. Rd8+ Kf7 37. R1d7 Nf4 38. Rxe7+ Kxe7 39. Rb8 Ne2+ 40. Kf1 Nd4 41. Rb4 Ke8 42. Ke1 1-0